Statistics for General Knowledge Quiz #78

Click here to take the quiz!

General Stats

  • This quiz has been taken 57,215 times
    (19,510 since last reset)
  • The average score is 13 of 20

Answer Stats

Question Answer % Correct
What "unsinkable" ship sank in April 1912?RMS Titanic
99%
Which U.S. state is made up entirely of islands?Hawaii
95%
What is the name of the colored part of the eye?the Iris
92%
What does a seismologist study?Earthquakes
91%
What food made Popeye strong?Spinach
90%
What spotted animal is known for laughing?Hyena
89%
What is suffrage?the Right to {Vote}
87%
In what museum would you find the Mona Lisa?the Louvre
86%
What is the name for the outer layer of the Earth?the Crust
80%
Who did Art Garfunkel most famously sing with?Paul Simon
75%
A group of what animal is known as a "gaggle"?Geese
74%
In what country would you find the city of Thessaloniki?Greece
71%
What 1962 novelty song was a "graveyard smash"?Monster Mash
51%
What "religion" did Germany consider banning in 2007?Scientology
47%
What was the pen name of Samuel Langhorne Clemens?Mark Twain
42%
The lowest spot on land is 433 meters below sea level. Where is it located?On the shores of the
{Dead} {Sea}
39%
What 1937 fantasy book is subtitled "There and Back Again"?The Hobbit
38%
What adventure tale, written by Daniel Defoe in 1719, is considered
to be one of the first English-language novels?
Robinson Crusoe
32%
Who was the last Anglo-Saxon king of England?Harold II
25%
What element comes between Uranium and Plutonium in the periodic table?Neptunium
21%

Score Distribution

Percentile by Number Answered

Percent of People with Each Score

Your Score History

You have not taken this quiz since the last reset